000
00175nam a2200073Ia 4500
008
170524s9999 xx 000 0 und d
100
_a
KROJEWSKI
245
0
_a
OPERATION MAMANEMENT
260
_b
CONCEPT PUB. CO.
999
_c
7954
_d
7954